| 000 | 00847nam a2200205Ii 4500 | ||
|---|---|---|---|
| 003 | JO-AjNU | ||
| 008 | 230605s9999||||xx |||||||||||||| ||und|| | ||
| 017 | _a1988/11/671 | ||
| 040 |
_aJO-AjNU _bara _erda _cJO-AjNU |
||
| 041 | _aara | ||
| 050 | 1 | 4 | _aPJ6066.M3788 1988 |
| 100 | 3 |
_aتاليف المصري، محمد عبد الغني؛م.مشارك مجد محمدالباكير البرازي, _eauthor _942561 |
|
| 245 | 0 | 0 | _aاللغة العربية:ثقافة عامة(وفق منهاج وزارة التعليم العالي لكليات المجتمع) |
| 264 | 3 | 1 | _aعمان: دار المستقبل، 1988 |
| 300 | _a592ص | ||
| 336 |
_atext _btxt _2rdacontent |
||
| 337 |
_aunmediated _bn _2rdamedia |
||
| 338 |
_avolume _bnc _2rdacarrier |
||
| 650 | 4 |
_aاللغة العربية-تعلم وتعليم-اللغة العربية _942562 |
|
| 999 |
_aA18233 _c21801 _d21801 |
||